Immunité, immunisation / (Record no. 126400)

MARC details
000 -LEADER
campo de control de longitud fija 00508nam a2200169 4500
001 - NÚMERO DE CONTROL
campo de control 126400
003 - IDENTIFICADOR DE NÚMERO DE CONTROL
campo de control ES-MaACL
005 - FECHA Y HORA DE LA ÚLTIMA TRANSACCIÓN
campo de control 20230906192819.0
007 - CAMPO FIJO DE DESCRIPCIÓN FÍSICA--INFORMACIÓN GENERAL
campo de control de longitud fija t|
008 - DATOS DE LONGITUD FIJA--INFORMACIÓN GENERAL
campo de control de longitud fija 070214s1923 fr r ||||1| fre d
100 1# - ENTRADA PRINCIPAL--NOMBRE DE PERSONA
Nombre de persona Rennes, Jacques.
9 (RLIN) 96226
245 10 - MENCIÓN DEL TÍTULO
Título Immunité, immunisation /
Mención de responsabilidad, etc. J. Rennes ; préface de F. Widal.
260 ## - PUBLICACIÓN, DISTRIBUCIÓN, ETC.
Lugar de publicación, distribución, etc. Paris :
Nombre del editor, distribuidor, etc. [s. n.],
Fecha de publicación, distribución, etc. 1923 (
Lugar de fabricación/manufactura Versailles :
Fabricante Imp. La Guttenberg)
300 ## - DESCRIPCIÓN FÍSICA
Extensión VI, 345 p. ;
Dimensiones 19 x 14 cm.
700 0# - ENTRADA AGREGADA--NOMBRE PERSONAL
Nombre de persona Widal, Fernad.
9 (RLIN) 116744
852 ## - LOCALIZACIÓN
Ubicación ES-MaACL
Número de control de estantería B-11734
Holdings
Estatus retirado Estado de pérdida Estado de daño No para préstamo Biblioteca de origen Biblioteca actual Ubicación en estantería Fecha de adquisición Fuente de adquisición Total de préstamos Signatura topográfica completa Código de barras Visto por última vez Precio de reemplazo Tipo de ítem Koha
        Biblioteca del Ateneo de Madrid Biblioteca del Ateneo de Madrid Sala Pardo Bazán 17/01/2008     B-11734 1131651 23/02/2023 23/02/2023 Libro impreso